000 00372nam a2200169Ia 4500
100 _aRathore/Mahesh
650 _aThermal engineering
942 _cBK
366 _f25
654 _athermal engineering
245 _aThermal Engineering
260 _bMcGraw - Hill
_c2010
082 _a621.402
_bRAT
300 _a1134
546 _aENGLISH
_cInfo.Tech
999 _c34320
_d34320